000 00324nam a2200133Ia 4500
008 231129s1974||||xx |||||||||||||| ||spa||
040 _brus
082 _a621.8 B171f
100 _aBalakshin B.
245 0 _aFundamentos de tecnologia de construccion de maquinaria
260 _c1974
264 _aMir
942 _2ddc
_cBKS
999 _c14288
_d14288